| 000 | 00771nam a2200229Ia 4500 | ||
|---|---|---|---|
| 008 | 191130s2007##################000#0#eng## | ||
| 020 | _a9781412928175 | ||
| 022 | _a2006025887 | ||
| 040 |
_aACL _cACL |
||
| 082 | _a306.36150973 DEL | ||
| 100 | _aDeLaat, Jacqueline | ||
| 245 |
_aGender in the workplace : a case study approach _cJacqueline DeLaat |
||
| 250 | _a2nd ed | ||
| 260 |
_aThousand Oaks, CA _bSAGE Publications _cc2007 |
||
| 300 | _axxvii, 109 p. ; 23 cm | ||
| 500 | _aIncludes bibliographical references | ||
| 650 | _aSex discrimination in employment - United States - Case studies | ||
| 650 | _aSex role in the work environment - United States - Case studies | ||
| 990 | _ab4ae8509ac10000c47c1fb068511314a | ||
| 991 | _a225897 | ||
| 999 |
_c192242 _d192242 |
||